Range management / (Record no. 15345)

000 -LEADER
fixed length control field 00496cam a2200193 i 4500
020 ## - INTERNATIONAL STANDARD BOOK NUMBER
ISBN 0070615969
040 ## - CATALOGING SOURCE
Transcribing agency DLC
082 00 - DEWEY DECIMAL CLASSIFICATION NUMBER
Classification number 636 HIL 1975 A055 Or.
100 1# - MAIN ENTRY--AUTHOR NAME
Personal name Stoddart, L. A.
245 10 - TITLE STATEMENT
Title Range management /
250 ## - EDITION STATEMENT
Edition statement 3d ed.
260 ## - PUBLICATION, DISTRIBUTION, ETC. (IMPRINT)
Place of publication New York :
Name of publisher McGraw-Hill,
Year of publication [1975]
300 ## - PHYSICAL DESCRIPTION
Number of Pages x, 532 p. :
Other physical details ill. ;
Dimensions 24 cm.
490 0# - SERIES STATEMENT
Series statement McGraw-Hill series in forest resources
650 #0 - SUBJECT ADDED ENTRY--TOPICAL TERM
Topical Term Range management.
700 1# - ADDED ENTRY--PERSONAL NAME
Personal name Smith, Arthur D.
700 1# - ADDED ENTRY--PERSONAL NAME
Personal name Box, Thadis W.,
942 ## - ADDED ENTRY ELEMENTS (KOHA)
Koha item type សៀវភៅភាសាអង់គ្លេស
952 ## - LOCATION AND ITEM INFORMATION (KOHA)
Withdrawn status [LOCAL, KOHA] 0
Holdings
Permanent Location Date acquired Koha item type Lost status Shelving location Barcode Current Location Full call number
Library Block A2017-11-20សៀវភៅភាសាអង់គ្លេស A055A06981Library Block A636 HIL 1975 A055 Or.
មជ្ឈមណ្ឌលឯការនៃសាកលវិទ្យាល័យភូមិន្ទកសិកម្មចំការដូង

Powered by Koha